000 01715nam a2200325 i 4500
003 DO-SdBNP
005 20260305074000.0
007 ta
008 110413s2016 dr co 001 0 spa d
020 _a9789945086089
040 _aDO-SdBNP
_bspa
_cBNPHU
_erda
082 _bG377
_222
_a355.02
100 1 _aGerón, Candido,
_d1948-
_93577
245 1 0 _aDesiderio Arias y la Ocupación Norteamericana /
_cCándido Gerón
264 1 _aSanto Domingo :
_bCentenario,
_c2016.
300 _a552 páginas
_c23 cm.
_bretratos, fotografías
336 _2rdacontent
_atexto
_btxt
337 _2rdamedia
_asin mediación
_bn
338 _2rdacarrier
_avolumen
_bnc
500 _aIncluye datos biográficos del autor en la solapa de la portada.
500 _aIncluye índice onomástico.
500 _aIncluye notas y bibliografías a pie de páginas.
504 _aBibliografía p: 113-114
505 0 _tCaudillismo, empréstitos y revueltas sociales --
_tMorales Languasco firma acuerdo con los Estados Unidos de Norteamérica --
_tAsesinato de Ramón Cáceres --
_tIntervención americana (1916-1924) --
_tDesiderio Arias: Peripecias (1916) --
_tDesiderio Arias Álvarez: estudio y valoración final trágico --
_tCartas, proclamas, Decretos y entrevistas Juan I. Jiménes Presidente Constitucional de la República --
_tMemorias que al ciudadano presidente de la República Juan Isidro Jimenes, presenta el general Desiderio Arias --
_tÍndice onomástico /
590 _aInventariado, 2023/ YL
600 4 _aArias Desiderio
_d1872-1931
_vBiografía
_xCaudillos, Guerrilleros
_zRepública Dominicana
_984290
700 1 _aSilié, Rubén,
_d1946-
_eprólogo
_91421
910 _aYLockward
942 _2ddc
_cLBS1
999 _c54973
_d54973